[Event "European Individual Chess Championship "]
[Site "Reykjavik, Iceland"]
[Date "2021.08.31"]
[Round "6.22"]
[White "Druska, Juraj"]
[Black "Deac, Bogdan-Daniel"]
[Result "0-1"]
[WhiteElo "2493"]
[BlackElo "2639"]
[PlyCount "64"]
[EventDate "2021.08.26"]

1. e4 {[%emt 0:00:07]} c5 {[%emt 0:00:02]} 2. Nf3 {[%emt 0:00:14]} d6 {[%emt 0:
00:04]} 3. Bb5+ {[%emt 0:00:12]} Nd7 {[%emt 0:00:17]} 4. a4 Ngf6 {[%emt 0:00:
29]} 5. Nc3 {[%emt 0:00:04]} g6 {[%emt 0:00:07]} 6. a5 {[%emt 0:00:12]} Bg7 {
[%emt 0:00:12]} 7. O-O {[%emt 0:00:08]} O-O {[%emt 0:02:57]} 8. Re1 {[%emt 0:
01:42]} a6 {[%emt 0:07:29]} 9. Bf1 {[%emt 0:00:15]} Ng4 {[%emt 0:01:45]} 10. d4
{[%emt 0:20:29]} cxd4 {[%emt 0:04:08]} 11. Nxd4 {[%emt 0:00:03]} Nge5 {[%emt 0:
00:35]} 12. Be3 {[%emt 0:11:24]} Nc6 {[%emt 0:00:29]} 13. Nd5 {[%emt 0:08:35]}
Nxa5 {[%emt 0:01:26]} 14. Nxe7+ {[%emt 0:01:35]} Qxe7 {[%emt 0:00:32]} 15. Rxa5
{[%emt 0:00:06]} Qxe4 {[%emt 0:06:37]} 16. Bd3 {[%emt 0:04:37]} Qe8 {[%emt 0:
11:10]} 17. Bg5 {[%emt 0:13:21]} Ne5 {[%emt 0:00:43]} 18. f4 {[%emt 0:02:54]}
Nxd3 {[%emt 0:21:03]} 19. Rxe8 {[%emt 0:00:09]} Bxd4+ {[%emt 0:00:02]} 20. Kf1
{[%emt 0:00:07]} Rxe8 {[%emt 0:00:07]} 21. Qxd3 {[%emt 0:00:17]} Bxb2 {[%emt 0:
00:04]} 22. f5 {[%emt 0:17:45]} Bxf5 {[%emt 0:15:33]} 23. Rxf5 {[%emt 0:01:15]}
gxf5 {[%emt 0:00:04]} 24. c3 {[%emt 0:00:59]} Re6 {[%emt 0:00:22]} 25. h4 {
[%emt 0:01:26]} Rae8 {[%emt 0:02:06]} 26. h5 {[%emt 0:02:37]} Re1+ {[%emt 0:06:
11]} 27. Kf2 {[%emt 0:00:02]} R1e4 {[%emt 0:00:17]} 28. Bd2 {[%emt 0:02:34]}
Ba3 {[%emt 0:00:51]} 29. Qg3+ {[%emt 0:00:09]} Rg4 {[%emt 0:00:03]} 30. Qf3 {
[%emt 0:00:07]} Bc5+ {[%emt 0:00:11]} 31. Kf1 {[%emt 0:00:05]} Ra4 {[%emt 0:00:
26]} 32. Qd1 {[%emt 0:06:56]} Rh4 {[%emt 0:00:06]} 0-1

[Event "European Individual Chess Championship "]
[Site "Reykjavik, Iceland"]
[Date "2021.08.31"]
[Round "6.23"]
[White "Sebenik, Matej"]
[Black "Paravyan, David"]
[Result "1-0"]
[WhiteElo "2492"]
[BlackElo "2631"]
[PlyCount "99"]
[EventDate "2021.08.26"]

1. Nf3 {[%emt 0:00:52]} d5 {[%emt 0:00:06]} 2. d4 {[%emt 0:00:18]} e6 {[%emt 0:
00:05]} 3. c4 {[%emt 0:00:08]} Nd7 {[%emt 0:00:04]} 4. Nc3 {[%emt 0:00:17]}
Ngf6 {[%emt 0:00:05]} 5. Bf4 {[%emt 0:00:47]} dxc4 {[%emt 0:00:06]} 6. e3 {
[%emt 0:00:10]} a6 {[%emt 0:00:04]} 7. a4 {[%emt 0:00:36]} Nb6 {[%emt 0:00:04]}
8. Be2 {[%emt 0:15:58]} Bb4 {[%emt 0:01:09]} 9. Qc2 {[%emt 0:01:07]} O-O {
[%emt 0:02:00]} 10. O-O {[%emt 0:00:04]} Nbd5 {[%emt 0:40:31]} 11. Bg5 {
[%emt 0:04:51]} h6 {[%emt 0:00:05]} 12. Bh4 {[%emt 0:00:03]} c5 {[%emt 0:08:43]
} 13. Rfd1 {[%emt 0:12:05]} Bxc3 {[%emt 0:09:20]} 14. bxc3 {[%emt 0:00:06]} Qa5
{[%emt 0:00:03]} 15. Rdc1 {[%emt 0:30:01]} cxd4 {[%emt 0:10:25]} 16. cxd4 {
[%emt 0:00:05]} c3 {[%emt 0:00:02]} 17. Ne5 {[%emt 0:04:33]} Qc7 {[%emt 0:00:
04]} 18. Bf3 {[%emt 0:07:31]} Nd7 {[%emt 0:01:56]} 19. Nd3 {[%emt 0:03:04]}
N7f6 {[%emt 0:05:41]} 20. e4 {[%emt 0:03:33]} Ne7 {[%emt 0:00:04]} 21. Qb3 {
[%emt 0:01:19]} Re8 {[%emt 0:18:58]} 22. Rxc3 {[%emt 0:01:15]} Qd8 {[%emt 0:00:
03]} 23. Rc4 {[%emt 0:05:49]} Nc6 {[%emt 0:00:50]} 24. Qb2 {[%emt 0:01:16]} g5
{[%emt 0:00:23]} 25. Bg3 {[%emt 0:00:03]} g4 {[%emt 0:00:05]} 26. Be2 {[%emt 0:
00:12]} Nxe4 {[%emt 0:00:08]} 27. Bxg4 {[%emt 0:00:21]} Qg5 {[%emt 0:01:04]}
28. Qe2 {[%emt 0:02:21]} Nxg3 {[%emt 0:00:14]} 29. hxg3 {[%emt 0:00:20]} Rd8 {
[%emt 0:00:42]} 30. f4 {[%emt 0:05:25]} Qg7 {[%emt 0:00:41]} 31. Ne5 {[%emt 0:
00:07]} Bd7 {[%emt 0:01:19]} 32. Bf3 {[%emt 0:01:14]} Rac8 {[%emt 0:00:34]} 33.
Kh2 {[%emt 0:00:21]} Ne7 {[%emt 0:00:45]} 34. Bxb7 {[%emt 0:00:40]} Rxc4 {
[%emt 0:00:28]} 35. Qxc4 {[%emt 0:00:01]} Nf5 {[%emt 0:00:12]} 36. g4 {[%emt 0:
00:27]} Nd6 {[%emt 0:00:44]} 37. Qc7 {[%emt 0:00:06]} Nxb7 {[%emt 0:00:37]} 38.
Qxb7 {[%emt 0:00:04]} Qf6 {[%emt 0:00:30]} 39. Qe4 {[%emt 0:01:44]} a5 {
[%emt 0:00:30]} 40. Ra3 {[%emt 0:00:29]} Be8 {[%emt 0:00:32]} 41. Rg3 {[%emt 0:
12:51]} Rd5 {[%emt 0:23:44]} 42. g5 {[%emt 0:01:08]} hxg5 {[%emt 0:00:03]} 43.
Rxg5+ {[%emt 0:00:03]} Kf8 {[%emt 0:00:03]} 44. Qe3 {[%emt 0:01:12]} Ke7 {
[%emt 0:01:28]} 45. Kg3 {[%emt 0:05:47]} Qh6 {[%emt 0:05:29]} 46. Qa3+ {
[%emt 0:06:28]} Kd8 {[%emt 0:00:05]} 47. Rg8 {[%emt 0:00:43]} Qh5 {[%emt 0:00:
23]} 48. Qf8 {[%emt 0:01:12]} f5 {[%emt 0:00:18]} 49. Nf7+ {[%emt 0:01:22]} Kc7
{[%emt 0:00:07]} 50. Qxe8 {[%emt 0:00:40]} 1-0

[Event "European Individual Chess Championship "]
[Site "Reykjavik, Iceland"]
[Date "2021.08.31"]
[Round "6.24"]
[White "Ter-Sahakyan, Samvel"]
[Black "Vrolijk, Liam"]
[Result "1-0"]
[WhiteElo "2624"]
[BlackElo "2480"]
[PlyCount "93"]
[EventDate "2021.08.26"]

1. e4 {[%emt 0:00:03]} e5 {[%emt 0:00:08]} 2. Nf3 {[%emt 0:00:14]} Nf6 {
[%emt 0:00:08]} 3. Nxe5 {[%emt 0:02:11]} d6 {[%emt 0:00:09]} 4. Nf3 {[%emt 0:
00:12]} Nxe4 {[%emt 0:00:08]} 5. d4 {[%emt 0:02:09]} d5 {[%emt 0:00:07]} 6. Bd3
{[%emt 0:00:06]} Bd6 {[%emt 0:00:14]} 7. O-O {[%emt 0:00:42]} O-O {[%emt 0:00:
12]} 8. c4 {[%emt 0:00:56]} c6 {[%emt 0:00:08]} 9. Nc3 {[%emt 0:16:07]} Nxc3 {
[%emt 0:00:09]} 10. bxc3 {[%emt 0:00:03]} dxc4 {[%emt 0:00:10]} 11. Bxc4 {
[%emt 0:00:03]} Bf5 {[%emt 0:00:13]} 12. Re1 {[%emt 0:14:47]} Nd7 {[%emt 0:07:
54]} 13. Bg5 {[%emt 0:00:59]} Qa5 {[%emt 0:01:38]} 14. Nh4 {[%emt 0:02:25]}
Rae8 {[%emt 0:08:13]} 15. Nxf5 {[%emt 0:32:09]} Qxf5 {[%emt 0:01:26]} 16. Be3 {
[%emt 0:00:09]} Nf6 {[%emt 0:11:06]} 17. Bd3 {[%emt 0:00:16]} Qd7 {[%emt 0:01:
01]} 18. Qf3 {[%emt 0:08:21]} Nd5 {[%emt 0:10:20]} 19. Bd2 {[%emt 0:00:34]}
Rxe1+ {[%emt 0:05:23]} 20. Rxe1 {[%emt 0:00:09]} Re8 {[%emt 0:01:18]} 21. Rxe8+
Qxe8 {[%emt 0:01:22]} 22. h4 {[%emt 0:00:15]} b5 {[%emt 0:03:09]} 23. Bxb5 {
[%emt 0:05:36]} Qb8 {[%emt 0:05:13]} 24. Bd3 {[%emt 0:00:39]} Qb2 {[%emt 0:01:
48]} 25. Qe2 {[%emt 0:00:51]} Qxa2 {[%emt 0:13:07]} 26. g3 {[%emt 0:00:23]} Nf6
{[%emt 0:01:53]} 27. Kg2 {[%emt 0:04:25]} a5 {[%emt 0:02:48]} 28. c4 {[%emt 0:
01:18]} a4 {[%emt 0:05:49]} 29. c5 {[%emt 0:01:48]} Bf8 {[%emt 0:01:09]} 30.
Bc4 {[%emt 0:00:48]} Qb2 {[%emt 0:02:11]} 31. Qd3 {[%emt 0:01:27]} a3 {[%emt 0:
03:24]} 32. Bc3 {[%emt 0:01:15]} Qb7 {[%emt 0:02:59]} 33. Bd2 {[%emt 0:00:41]}
Qb2 {[%emt 0:00:27]} 34. Bc3 {[%emt 0:00:04]} Qb7 {[%emt 0:00:06]} 35. Ba1 {
[%emt 0:00:50]} Qa8 {[%emt 0:04:19]} 36. Qb3 {[%emt 0:01:28]} Nd5 {[%emt 0:01:
15]} 37. Bxd5 {[%emt 0:01:35]} cxd5 {[%emt 0:00:06]} 38. Qb5 {[%emt 0:00:03]}
Qc8 {[%emt 0:02:33]} 39. Qa4 {[%emt 0:01:02]} Be7 {[%emt 0:03:18]} 40. Qxa3 {
[%emt 0:00:25]} Qc6 {[%emt 0:00:28]} 41. Qa7 {[%emt 0:02:47]} Qe6 {[%emt 0:02:
59]} 42. Qb8+ {[%emt 0:04:51]} Bf8 {[%emt 0:00:06]} 43. Bc3 {[%emt 0:00:10]} f5
{[%emt 0:06:18]} 44. c6 {[%emt 0:08:00]} f4 {[%emt 0:03:18]} 45. Bb4 {[%emt 0:
02:42]} Qe4+ {[%emt 0:00:36]} 46. Kh2 {[%emt 0:00:18]} fxg3+ {[%emt 0:00:08]}
47. Kxg3 {[%emt 0:00:17]} 1-0

[Event "European Individual Chess Championship "]
[Site "Reykjavik, Iceland"]
[Date "2021.08.31"]
[Round "6.25"]
[White "Kobo, Ori"]
[Black "Svane, Rasmus"]
[Result "1/2-1/2"]
[WhiteElo "2490"]
[BlackElo "2615"]
[PlyCount "111"]
[EventDate "2021.08.26"]

1. e4 {[%emt 0:00:07]} e5 {[%emt 0:00:29]} 2. Nf3 {[%emt 0:00:13]} Nc6 {
[%emt 0:00:05]} 3. d4 {[%emt 0:00:23]} exd4 {[%emt 0:00:10]} 4. Nxd4 {[%emt 0:
00:07]} Nf6 {[%emt 0:01:17]} 5. Nc3 {[%emt 0:00:48]} Bb4 {[%emt 0:01:28]} 6.
Nxc6 {[%emt 0:00:13]} bxc6 {[%emt 0:00:06]} 7. Bd3 {[%emt 0:00:14]} O-O {
[%emt 0:00:55]} 8. O-O {[%emt 0:00:14]} d5 {[%emt 0:00:12]} 9. Bd2 {[%emt 0:00:
41]} Rb8 {[%emt 0:10:25]} 10. Re1 {[%emt 0:00:40]} Re8 {[%emt 0:06:11]} 11.
exd5 {[%emt 0:15:59]} Rxe1+ {[%emt 0:09:19]} 12. Qxe1 {[%emt 0:00:32]} cxd5 {
[%emt 0:00:11]} 13. a3 {[%emt 0:03:41]} Bf8 {[%emt 0:06:06]} 14. b4 {[%emt 0:
06:41]} c5 {[%emt 0:00:50]} 15. bxc5 {[%emt 0:10:08]} Bxc5 {[%emt 0:00:44]} 16.
h3 {[%emt 0:18:48]} h6 {[%emt 0:15:54]} 17. Na4 {[%emt 0:04:46]} Bd6 {[%emt 0:
07:53]} 18. Bb4 {[%emt 0:03:06]} Bc7 {[%emt 0:17:02]} 19. Rd1 Qd7 {[%emt 0:04:
42]} 20. Nc3 {[%emt 0:01:33]} Bb7 {[%emt 0:02:50]} 21. Qe7 {[%emt 0:06:14]}
Qxe7 {[%emt 0:06:07]} 22. Bxe7 {[%emt 0:01:05]} Be5 {[%emt 0:02:48]} 23. Ne2 {
[%emt 0:03:54]} Bc6 {[%emt 0:00:13]} 24. Bc5 {[%emt 0:00:45]} a5 {[%emt 0:01:
01]} 25. Nd4 {[%emt 0:01:05]} Ba4 {[%emt 0:00:44]} 26. Nf3 {[%emt 0:01:31]} Bc3
{[%emt 0:01:09]} 27. Bd4 {[%emt 0:06:22]} Bxd4 {[%emt 0:00:06]} 28. Nxd4 {
[%emt 0:00:01]} Kf8 {[%emt 0:00:45]} 29. Ne2 {[%emt 0:01:42]} Ke7 {[%emt 0:02:
25]} 30. Nc3 {[%emt 0:00:56]} Bc6 {[%emt 0:00:05]} 31. Kf1 {[%emt 0:01:32]} Kd6
{[%emt 0:00:15]} 32. f3 {[%emt 0:02:07]} Kc5 {[%emt 0:00:46]} 33. Rb1 {[%emt 0:
02:02]} Rxb1+ {[%emt 0:03:22]} 34. Nxb1 Nh5 {[%emt 0:00:09]} 35. Nd2 {[%emt 0:
01:06]} Ba4 {[%emt 0:00:40]} 36. c3 {[%emt 0:02:07]} Bb5 {[%emt 0:02:09]} 37.
Bxb5 {[%emt 0:00:21]} Kxb5 {[%emt 0:00:03]} 38. Kf2 {[%emt 0:00:38]} Ka4 {
[%emt 0:01:03]} 39. c4 {[%emt 0:00:23]} Kxa3 {[%emt 0:03:57]} 40. cxd5 {
[%emt 0:00:08]} Nf6 {[%emt 0:00:27]} 41. d6 {[%emt 0:06:12]} a4 {[%emt 0:00:32]
} 42. Ke3 {[%emt 0:02:06]} Kb4 {[%emt 0:01:23]} 43. Ne4 {[%emt 0:10:40]} Nd7 {
[%emt 0:12:56]} 44. Kd4 {[%emt 0:01:58]} Nf8 {[%emt 0:02:24]} 45. Nc5 {[%emt 0:
04:15]} a3 {[%emt 0:02:41]} 46. Nd3+ {[%emt 0:00:09]} Kb5 {[%emt 0:01:22]} 47.
Kc3 {[%emt 0:00:48]} a2 {[%emt 0:06:32]} 48. Kb2 {[%emt 0:00:12]} Kc6 {[%emt 0:
00:07]} 49. Kxa2 {[%emt 0:00:50]} Ng6 {[%emt 0:00:35]} 50. g3 {[%emt 0:01:04]}
Kxd6 {[%emt 0:01:00]} 51. Kb3 {[%emt 0:00:39]} Ne7 {[%emt 0:04:39]} 52. Kc4 {
[%emt 0:03:04]} Nc6 {[%emt 0:00:58]} 53. f4 {[%emt 0:00:36]} h5 {[%emt 0:00:11]
} 54. Nf2 {[%emt 0:00:47]} Ke6 {[%emt 0:00:26]} 55. Kd3 {[%emt 0:01:27]} Ne7 {
[%emt 0:00:59]} 56. Ke4 {[%emt 0:00:05]} 1/2-1/2

[Event "European Individual Chess Championship "]
[Site "Reykjavik, Iceland"]
[Date "2021.08.31"]
[Round "6.26"]
[White "Quparadze, Giga"]
[Black "Bartel, Mateusz"]
[Result "1-0"]
[WhiteElo "2476"]
[BlackElo "2611"]
[PlyCount "95"]
[EventDate "2021.08.26"]

1. e4 {[%emt 0:00:02]} e5 {[%emt 0:00:07]} 2. Nf3 {[%emt 0:00:09]} Nc6 {
[%emt 0:00:05]} 3. Bb5 {[%emt 0:00:06]} a6 {[%emt 0:00:06]} 4. Ba4 {[%emt 0:00:
05]} Nf6 {[%emt 0:00:06]} 5. O-O {[%emt 0:00:07]} Be7 {[%emt 0:00:06]} 6. Re1 {
[%emt 0:00:07]} b5 {[%emt 0:00:06]} 7. Bb3 {[%emt 0:00:04]} d6 {[%emt 0:00:06]}
8. c3 {[%emt 0:00:06]} O-O {[%emt 0:00:06]} 9. h3 {[%emt 0:00:03]} Na5 {
[%emt 0:00:08]} 10. Bc2 {[%emt 0:00:04]} c5 {[%emt 0:00:07]} 11. d4 {[%emt 0:
00:03]} Qc7 {[%emt 0:00:07]} 12. Nbd2 {[%emt 0:00:10]} cxd4 {[%emt 0:00:07]}
13. cxd4 {[%emt 0:00:04]} Rd8 {[%emt 0:00:07]} 14. b3 {[%emt 0:01:29]} Nc6 {
[%emt 0:00:26]} 15. Bb2 {[%emt 0:00:05]} Bb7 {[%emt 0:00:06]} 16. Rc1 {[%emt 0:
00:30]} Qb6 {[%emt 0:00:19]} 17. Nf1 {[%emt 0:00:47]} d5 {[%emt 0:00:14]} 18.
exd5 {[%emt 0:00:25]} Rxd5 {[%emt 0:00:10]} 19. Ne3 {[%emt 0:01:28]} Rd7 {
[%emt 0:00:08]} 20. Nf5 {[%emt 0:00:09]} exd4 {[%emt 0:23:57]} 21. Nxe7+ {
[%emt 0:00:17]} Nxe7 {[%emt 0:00:19]} 22. Bxd4 {[%emt 0:00:08]} Qd8 {[%emt 0:
00:39]} 23. Qe2 {[%emt 0:05:01]} Bxf3 {[%emt 0:07:02]} 24. Qxf3 {[%emt 0:00:30]
} Rxd4 {[%emt 0:00:06]} 25. Rxe7 {[%emt 0:00:06]} Rb8 {[%emt 0:06:00]} 26. Rc7
{[%emt 0:02:21]} Qd6 {[%emt 0:21:14]} 27. Rc6 {[%emt 0:00:07]} Qa3 {[%emt 0:01:
06]} 28. Re1 {[%emt 0:00:04]} Rd6 {[%emt 0:03:19]} 29. Rc7 {[%emt 0:01:53]} Qa5
{[%emt 0:02:54]} 30. Ree7 {[%emt 0:00:34]} Rf8 {[%emt 0:00:35]} 31. b4 {
[%emt 0:01:31]} Qxb4 {[%emt 0:02:48]} 32. Bb3 {[%emt 0:00:47]} Rdd8 {[%emt 0:
06:19]} 33. Rxf7 {[%emt 0:00:47]} Rxf7 {[%emt 0:02:30]} 34. Rxf7 Qe1+ {[%emt 0:
00:13]} 35. Kh2 {[%emt 0:00:04]} Qe5+ {[%emt 0:00:23]} 36. g3 {[%emt 0:00:05]}
Kh8 {[%emt 0:00:07]} 37. Qb7 {[%emt 0:00:09]} h5 {[%emt 0:05:51]} 38. Re7 {
[%emt 0:03:49]} Qc5 {[%emt 0:05:45]} 39. Qa7 {[%emt 0:00:21]} Qxa7 {[%emt 0:04:
44]} 40. Rxa7 {[%emt 0:00:07]} Rd6 {[%emt 0:00:13]} 41. Bc2 {[%emt 0:00:21]} g5
{[%emt 0:00:32]} 42. Kg2 {[%emt 0:00:27]} Nd5 {[%emt 0:02:47]} 43. Rh7+ {
[%emt 0:01:11]} Kg8 {[%emt 0:00:04]} 44. Rxh5 {[%emt 0:00:12]} Ne3+ {[%emt 0:
00:02]} 45. fxe3 {[%emt 0:00:08]} Rd2+ {[%emt 0:00:03]} 46. Kf3 {[%emt 0:00:11]
} Rxc2 {[%emt 0:00:03]} 47. a4 {[%emt 0:00:57]} b4 {[%emt 0:00:08]} 48. Rh6 {
[%emt 0:00:28]} 1-0

[Event "European Individual Chess Championship "]
[Site "Reykjavik, Iceland"]
[Date "2021.08.31"]
[Round "6.27"]
[White "Bosiocic, Marin"]
[Black "Loiseau, Quentin"]
[Result "1-0"]
[WhiteElo "2610"]
[BlackElo "2466"]
[PlyCount "59"]
[EventDate "2021.08.26"]

1. d4 {[%emt 0:00:03]} Nf6 {[%emt 0:01:01]} 2. c4 {[%emt 0:00:10]} e6 {[%emt 0:
00:10]} 3. Nf3 {[%emt 0:00:09]} d5 {[%emt 0:00:21]} 4. g3 {[%emt 0:00:11]} Be7
{[%emt 0:00:32]} 5. Bg2 {[%emt 0:00:12]} O-O {[%emt 0:00:07]} 6. O-O {[%emt 0:
00:11]} dxc4 {[%emt 0:00:15]} 7. Qc2 {[%emt 0:00:10]} b5 {[%emt 0:00:17]} 8. a4
{[%emt 0:00:18]} b4 {[%emt 0:00:09]} 9. Nfd2 {[%emt 0:00:09]} Nd5 {[%emt 0:00:
33]} 10. Nxc4 {[%emt 0:02:40]} c5 {[%emt 0:00:34]} 11. dxc5 {[%emt 0:03:38]}
Ba6 {[%emt 0:05:16]} 12. Ne3 {[%emt 0:09:37]} Nd7 {[%emt 0:01:27]} 13. Nxd5 {
[%emt 0:01:34]} exd5 {[%emt 0:00:14]} 14. Bxd5 {[%emt 0:03:38]} Rc8 {[%emt 0:
19:16]} 15. c6 {[%emt 0:01:13]} Nb8 {[%emt 0:07:42]} 16. Rd1 {[%emt 0:08:22]}
Nxc6 {[%emt 0:08:00]} 17. Bxf7+ {[%emt 0:10:10]} Rxf7 {[%emt 0:01:19]} 18.
Rxd8+ {[%emt 0:00:46]} Nxd8 {[%emt 0:12:10]} 19. Qd1 {[%emt 0:04:18]} Bf6 {
[%emt 0:02:23]} 20. Be3 {[%emt 0:03:44]} Rfc7 {[%emt 0:02:36]} 21. Nd2 {
[%emt 0:02:42]} Rc2 {[%emt 0:07:06]} 22. Ne4 {[%emt 0:01:31]} Bxb2 {[%emt 0:04:
16]} 23. Rb1 {[%emt 0:04:45]} Nf7 {[%emt 0:11:18]} 24. Nc5 {[%emt 0:06:43]}
R8xc5 {[%emt 0:06:05]} 25. Bxc5 {[%emt 0:00:09]} Rxe2 {[%emt 0:00:04]} 26. Qd5
{[%emt 0:01:06]} h5 {[%emt 0:01:27]} 27. Bxb4 {[%emt 0:00:19]} h4 {[%emt 0:00:
24]} 28. Re1 {[%emt 0:00:23]} Rxe1+ {[%emt 0:01:03]} 29. Bxe1 {[%emt 0:00:07]}
h3 {[%emt 0:00:08]} 30. Qe6 {[%emt 0:00:21]} 1-0

[Event "European Individual Chess Championship "]
[Site "Reykjavik, Iceland"]
[Date "2021.08.31"]
[Round "6.28"]
[White "Maurizzi, Marc Andria"]
[Black "Parligras, Mircea-Emilian"]
[Result "1/2-1/2"]
[WhiteElo "2488"]
[BlackElo "2591"]
[PlyCount "87"]
[EventDate "2021.08.26"]

1. d4 {[%emt 0:00:18]} Nf6 {[%emt 0:00:20]} 2. c4 {[%emt 0:00:24]} e6 {[%emt 0:
00:10]} 3. Nc3 {[%emt 0:00:49]} Bb4 {[%emt 0:00:25]} 4. e3 {[%emt 0:01:31]} O-O
{[%emt 0:00:21]} 5. Bd2 {[%emt 0:01:04]} b6 {[%emt 0:01:27]} 6. Bd3 {[%emt 0:
01:09]} Bb7 {[%emt 0:00:17]} 7. Nf3 {[%emt 0:00:20]} d6 {[%emt 0:00:48]} 8. O-O
{[%emt 0:01:32]} Nbd7 {[%emt 0:00:36]} 9. Rc1 {[%emt 0:00:34]} e5 {[%emt 0:09:
43]} 10. Bb1 {[%emt 0:03:30]} Re8 {[%emt 0:05:14]} 11. d5 {[%emt 0:01:58]} a5 {
[%emt 0:06:00]} 12. a3 {[%emt 0:12:00]} Bxc3 {[%emt 0:00:10]} 13. Bxc3 {
[%emt 0:00:02]} Nc5 {[%emt 0:17:36]} 14. Nd2 {[%emt 0:13:30]} b5 {[%emt 0:06:
58]} 15. b4 {[%emt 0:11:18]} axb4 {[%emt 0:00:42]} 16. axb4 {[%emt 0:00:26]}
Na4 {[%emt 0:03:19]} 17. e4 {[%emt 0:01:51]} bxc4 {[%emt 0:05:34]} 18. Nxc4 {
[%emt 0:02:39]} Ba6 {[%emt 0:02:33]} 19. Qb3 {[%emt 0:01:35]} Nxc3 {[%emt 0:14:
58]} 20. Rxc3 {[%emt 0:01:31]} Qd7 {[%emt 0:04:11]} 21. Rfc1 {[%emt 0:02:08]}
Bxc4 {[%emt 0:00:21]} 22. Rxc4 {[%emt 0:04:43]} Rec8 {[%emt 0:00:47]} 23. h3 {
[%emt 0:03:35]} Ra7 {[%emt 0:01:13]} 24. Bd3 {[%emt 0:01:43]} Rca8 {[%emt 0:04:
50]} 25. Rc6 {[%emt 0:08:20]} Ne8 {[%emt 0:01:48]} 26. b5 {[%emt 0:04:22]} Ra1
{[%emt 0:03:36]} 27. Rxa1 {[%emt 0:04:40]} Rxa1+ {[%emt 0:00:06]} 28. Kh2 {
[%emt 0:00:09]} Ra8 {[%emt 0:01:59]} 29. Ra6 {[%emt 0:01:10]} Qd8 {[%emt 0:01:
00]} 30. Qc2 {[%emt 0:02:12]} Rb8 {[%emt 0:00:52]} 31. Ra7 {[%emt 0:02:42]} Ra8
{[%emt 0:02:56]} 32. Ra6 {[%emt 0:00:13]} Rb8 {[%emt 0:00:05]} 33. Qc6 {
[%emt 0:02:13]} h5 {[%emt 0:01:00]} 34. Ra7 {[%emt 0:00:57]} Rb6 {[%emt 0:01:
29]} 35. Qc1 {[%emt 0:01:12]} Rb8 {[%emt 0:00:51]} 36. Be2 {[%emt 0:03:16]} h4
{[%emt 0:00:52]} 37. g3 {[%emt 0:02:16]} hxg3+ {[%emt 0:00:34]} 38. fxg3 {
[%emt 0:00:03]} Ra8 {[%emt 0:00:33]} 39. Ra6 {[%emt 0:00:17]} Rb8 {[%emt 0:00:
06]} 40. Bd3 {[%emt 0:02:48]} Nf6 {[%emt 0:01:28]} 41. Ra7 {[%emt 0:00:30]} Rc8
{[%emt 0:01:34]} 42. Qc6 {[%emt 0:03:21]} g6 {[%emt 0:08:06]} 43. Kg2 {[%emt 0:
03:58]} Kg7 {[%emt 0:02:03]} 44. h4 {[%emt 0:06:00]} 1/2-1/2

[Event "European Individual Chess Championship "]
[Site "Reykjavik, Iceland"]
[Date "2021.08.31"]
[Round "6.29"]
[White "Gavrilescu, David"]
[Black "Sivuk, Vitaly"]
[Result "1/2-1/2"]
[WhiteElo "2477"]
[BlackElo "2589"]
[PlyCount "119"]
[EventDate "2021.08.26"]

1. e4 {[%emt 0:00:01]} e6 {[%emt 0:03:04]} 2. d4 {[%emt 0:00:32]} d5 {[%emt 0:
00:08]} 3. e5 {[%emt 0:00:21]} c5 {[%emt 0:00:09]} 4. c3 {[%emt 0:00:14]} Nc6 {
[%emt 0:00:09]} 5. Nf3 {[%emt 0:00:15]} Bd7 {[%emt 0:00:09]} 6. Be2 {[%emt 0:
00:40]} Nge7 {[%emt 0:00:16]} 7. O-O {[%emt 0:02:43]} Ng6 {[%emt 0:00:19]} 8.
g3 {[%emt 0:01:42]} Be7 {[%emt 0:01:49]} 9. h4 {[%emt 0:01:13]} cxd4 {[%emt 0:
03:28]} 10. cxd4 {[%emt 0:00:35]} O-O {[%emt 0:00:12]} 11. h5 {[%emt 0:07:17]}
Nh8 {[%emt 0:00:17]} 12. Nc3 {[%emt 0:03:41]} f6 {[%emt 0:01:28]} 13. exf6 {
[%emt 0:04:09]} Bxf6 {[%emt 0:00:19]} 14. Bf4 {[%emt 0:00:52]} Be8 {[%emt 0:11:
59]} 15. Ne5 {[%emt 0:06:28]} Qb6 {[%emt 0:18:58]} 16. Nxc6 {[%emt 0:09:37]}
Bxc6 {[%emt 0:13:16]} 17. Bg4 {[%emt 0:06:56]} Rae8 {[%emt 0:01:01]} 18. Qe2 {
[%emt 0:10:38]} Nf7 {[%emt 0:10:34]} 19. Bxe6 {[%emt 0:06:37]} Bxd4 {[%emt 0:
05:33]} 20. Rae1 {[%emt 0:03:42]} Bd7 {[%emt 0:13:21]} 21. Bxf7+ {[%emt 0:03:
57]} Rxf7 {[%emt 0:00:11]} 22. Qd2 {[%emt 0:01:59]} Ref8 {[%emt 0:04:28]} 23.
Nxd5 {[%emt 0:05:25]} Qxb2 {[%emt 0:02:29]} 24. Qxb2 {[%emt 0:02:00]} Bxb2 {
[%emt 0:00:06]} 25. Rb1 {[%emt 0:00:17]} Bc6 {[%emt 0:01:57]} 26. Bd6 {[%emt 0:
01:42]} Rd8 {[%emt 0:02:13]} 27. Ne7+ {[%emt 0:00:21]} Kh8 {[%emt 0:01:10]} 28.
Nxc6 {[%emt 0:03:54]} Rxd6 {[%emt 0:00:07]} 29. Rfd1 {[%emt 0:00:20]} Rxd1+ {
[%emt 0:02:24]} 30. Rxd1 {[%emt 0:00:02]} h6 {[%emt 0:00:15]} 31. Nxa7 {
[%emt 0:00:43]} Rf5 {[%emt 0:00:06]} 32. Rd7 {[%emt 0:00:53]} b6 {[%emt 0:01:
02]} 33. Nc8 {[%emt 0:03:09]} Rxh5 {[%emt 0:02:59]} 34. Nxb6 {[%emt 0:00:04]}
Ra5 {[%emt 0:00:34]} 35. Rd2 {[%emt 0:02:32]} Bc3 {[%emt 0:00:19]} 36. Rc2 {
[%emt 0:00:18]} Bd4 {[%emt 0:00:11]} 37. Nc4 {[%emt 0:00:05]} Rb5 {[%emt 0:00:
48]} 38. Kf1 {[%emt 0:00:52]} Rb1+ {[%emt 0:00:24]} 39. Ke2 {[%emt 0:00:05]}
Ra1 {[%emt 0:00:06]} 40. Nd2 {[%emt 0:00:47]} Ba7 {[%emt 0:00:41]} 41. Kd3 {
[%emt 0:00:47]} Kh7 {[%emt 0:01:21]} 42. Ne4 {[%emt 0:01:23]} Rd1+ {[%emt 0:03:
12]} 43. Kc3 {[%emt 0:05:53]} Kg6 {[%emt 0:00:47]} 44. Kb4 {[%emt 0:03:21]} Kf5
{[%emt 0:02:53]} 45. f3 {[%emt 0:03:23]} Rb1+ {[%emt 0:02:59]} 46. Kc4 {
[%emt 0:01:38]} Rf1 {[%emt 0:05:30]} 47. Rc3 {[%emt 0:01:04]} g5 {[%emt 0:01:
11]} 48. Ra3 {[%emt 0:07:06]} Bb8 {[%emt 0:02:44]} 49. Ra5+ {[%emt 0:01:37]}
Be5 {[%emt 0:06:56]} 50. Nd2 {[%emt 0:02:26]} Rf2 {[%emt 0:00:38]} 51. Kd3 {
[%emt 0:00:48]} Ke6 {[%emt 0:00:35]} 52. Ra6+ {[%emt 0:05:18]} Kd5 {[%emt 0:00:
17]} 53. Ra5+ {[%emt 0:03:37]} Ke6 {[%emt 0:00:07]} 54. Ke3 {[%emt 0:01:34]}
Bxg3 {[%emt 0:00:33]} 55. Ne4 {[%emt 0:01:05]} Rg2 {[%emt 0:00:06]} 56. Ra6+ {
[%emt 0:00:16]} Ke5 {[%emt 0:00:57]} 57. Nxg3 {[%emt 0:00:08]} Rxg3 {[%emt 0:
00:05]} 58. Rxh6 {[%emt 0:00:06]} g4 {[%emt 0:00:07]} 59. Rh5+ {[%emt 0:00:06]}
Kd6 {[%emt 0:00:11]} 60. Ke4 {[%emt 0:00:19] Ke5+} 1/2-1/2